00143nam a2200061Ia 4500008004100000100001900041245002100060120527s9999 xx 000 0 und d aFATUBARIN, Ayo aTropical Ecology